000 01187nac a22003857a 4500
001 BR0700707
003 BR-BrBNA
005 20240105123350.0
008 230509b bl.|||m| |||| 00| 0 por d
040 _aBR-BrBNA
_bpor
_cBiblioteca Nacional de Agricultura
072 _aE14; P01; D50
090 _a5300 BR0700707
100 1 _aMiranda, C.R. de
100 1 _aBonêz, G.
100 1 _aPalhares, J.C.P.
110 1 _aEMBRAPA Suínos e Aves, Concórdia, SC (Brasil)
245 1 _aAvaliação do Termo de Ajustamento de conduta da suinocultura AMAUC/Consórcio Lambari
260 3 _aConcórdia, SC (Brasil):
_c2006.
300 _a71 p.
490 _aDocumentos - EMBRAPA Suínos e Aves (Brazil)
_vno. 103
_xISSN 0101-6245
650 _aSUINOCULTURA
650 _aLAMBARI
650 _aPISCICULTURA CONSORCIADA
650 _aTERMO ADITIVO
650 _aLEGISLAÇÃO
650 _aMEIO AMBIENTE
650 _aDEJETO
650 _aTRATAMENTO
650 _aPRESERVAÇÃO DA NATUREZA
650 _aEDUCAÇÃO AMBIENTAL
650 _aPOLUIÇÃO AMBIENTAL
650 _aSANTA CATARINA
909 _a202312
_bLúcia Elande
_c55
_dLúcia Elande
942 _2AGRIS
_n0
_cMS
999 _c295135
_d295135